[Event "BAN-ch rapid"]
[Site "Sheik"]
[Date "2023.02.25"]
[Round "4"]
[White "Radmim Raha, Rayja"]
[Black "Anindya Singha, Argho"]
[Result "0-1"]
[WhiteElo "1674"]
[BlackElo "1757"]
[PlyCount "59"]
[EventDate "2023.02.25"]
[EventType "swiss (rapid)"]
[EventRounds "7"]
[EventCountry "BAN"]
[SourceTitle "EXT 2024"]
[Source "ChessBase"]
[SourceDate "2023.10.10"]
[SourceVersion "1"]
[SourceVersionDate "2023.10.10"]
[SourceQuality "1"]

1. d4 d5 2. c4 c6 3. Nf3 Nf6 4. e3 Bf5 5. Nc3 e6 6. Nh4 Bg6 7. Qb3 Qc8 8. Bd2 dxc4 9. Bxc4 Be7 10. Nxg6 hxg6 11. Rc1 Nbd7 12. d5 Nc5 13. Qd1 exd5 14. Nxd5 Nxd5 15. b4 b5 16. Bxd5 Nd3+ 17. Kf1 Nxc1 18. Be4 Nxa2 19. Qc2 Nxb4 20. Bxb4 Bxb4 21. Qxc6+ Qxc6 22. Bxc6+ Ke7 23. Bxa8 Rxa8 24. Ke2 Bd6 25. g4 g5 26. f4 gxf4 27. exf4 Bxf4 28. h4 a5 29. Rf1 Be5 30. h5 0-1

[Event "Dhaka Chowdhury Memorial op-B 2nd"]
[Site "Dhaka"]
[Date "2022.07.07"]
[Round "8"]
[White "Ariful, Amin"]
[Black "Anindya Singha, Argho"]
[Result "1/2-1/2"]
[WhiteElo "1868"]
[BlackElo "1812"]
[PlyCount "59"]
[EventDate "2022.07.02"]
[EventType "swiss"]
[EventRounds "9"]
[EventCountry "BAN"]
[SourceTitle "EXT 2024"]
[Source "ChessBase"]
[SourceDate "2023.10.10"]
[SourceVersion "1"]
[SourceVersionDate "2023.10.10"]
[SourceQuality "1"]

1. e4 Nc6 2. Nf3 e5 3. d4 exd4 4. Bc4 Be7 5. c3 Na5 6. Qxd4 Nxc4 7. Qxc4 d6 8. 0-0 Nf6 9. Bf4 0-0 10. h3 Be6 11. Qd3 h6 12. Na3 Kh8 13. Nc2 Nd7 14. Qd2 Nc5 15. Rfe1 Bf6 16. Ncd4 Be5 17. Nxe6 Nxe6 18. Be3 Bf6 19. Rad1 Qe7 20. b4 b5 21. Nd4 Nxd4 22. cxd4 Qxe4 23. Bxh6 Qxd4 24. Bxg7+ Kxg7 25. Qxd4 Bxd4 26. Rxd4 Rfe8 27. Rc1 Re7 28. Rd5 a6 29. Rc3 Rc8 30. Ra3 1/2-1/2

[Event "Dhaka Chowdhury Memorial op-B 2nd"]
[Site "Dhaka"]
[Date "2022.07.05"]
[Round "5"]
[White "Md Sagor"]
[Black "Anindya Singha, Argho"]
[Result "0-1"]
[WhiteElo "1997"]
[BlackElo "1812"]
[PlyCount "102"]
[EventDate "2022.07.02"]
[EventType "swiss"]
[EventRounds "9"]
[EventCountry "BAN"]
[SourceTitle "EXT 2023"]
[Source "ChessBase"]
[SourceDate "2022.10.05"]
[SourceVersion "1"]
[SourceVersionDate "2022.10.05"]
[SourceQuality "1"]

1. e4 Nc6 2. d4 e5 3. d5 Nce7 4. Nc3 Ng6 5. Nf3 d6 6. Be3 a6 7. Qd2 Be7 8. h3 Nf6 9. Be2 c6 10. g4 cxd5 11. exd5 0-0 12. g5 Nh5 13. Nxe5 Nxe5 14. Bxh5 Nc4 15. Qd4 Nxe3 16. fxe3 Bxg5 17. 0-0-0 Re8 18. Rde1 Qf6 19. Qxf6 Bxf6 20. e4 Bd7 21. Kd2 Rac8 22. Bg4 Bxg4 23. hxg4 Bxc3+ 24. bxc3 Rc4 25. Kd3 Rec8 26. Rc1 Rxc3+ 27. Kd2 Ra3 28. e5 dxe5 29. c4 Rxa2+ 30. Kd3 h6 31. c5 Ra5 32. Ke4 f6 33. c6 Ra4+ 34. Ke3 bxc6 35. dxc6 Rd4 36. Rc5 Rd6 37. Rhc1 a5 38. Ke4 Kf7 39. Rxa5 Rcxc6 40. Ra7+ Kg6 41. Rb1 Rd4+ 42. Ke3 Rc3+ 43. Ke2 Rxg4 44. Rbb7 Kf5 45. Rxg7 Rxg7 46. Rxg7 h5 47. Rg1 h4 48. Rg8 Rg3 49. Rh8 Rg4 50. Kf3 Rf4+ 51. Kg2 Rd4 0-1

[Event "Dhaka Chowdhury Memorial op-B 2nd"]
[Site "Dhaka"]
[Date "2022.07.04"]
[Round "4"]
[White "Anindya Singha, Argho"]
[Black "Mohammed, Shaker Ullah"]
[Result "1/2-1/2"]
[WhiteElo "1812"]
[BlackElo "1870"]
[PlyCount "91"]
[EventDate "2022.07.02"]
[EventType "swiss"]
[EventRounds "9"]
[EventCountry "BAN"]
[SourceTitle "EXT 2023"]
[Source "ChessBase"]
[SourceDate "2022.10.05"]
[SourceVersion "1"]
[SourceVersionDate "2022.10.05"]
[SourceQuality "1"]

1. d4 d5 2. c4 c6 3. Nf3 e6 4. e3 Nf6 5. Nc3 Nbd7 6. Bd3 dxc4 7. Bxc4 b5 8. Bd3 a6 9. a3 c5 10. dxc5 Nxc5 11. Be2 Qxd1+ 12. Bxd1 Bb7 13. 0-0 Rd8 14. Be2 Be7 15. b4 Nce4 16. Bb2 0-0 17. Rfd1 Rxd1+ 18. Rxd1 Rd8 19. Rxd8+ Bxd8 20. Bd3 Bc7 21. h3 h6 22. Kf1 Kf8 23. Ke2 g6 24. Ne1 Ke7 25. g3 Nxc3+ 26. Bxc3 Nd5 27. Bb2 Nb6 28. Nc2 Na4 29. Bc1 Bd5 30. Nd4 e5 31. e4 Nc3+ 32. Ke1 Nxe4 33. Bxe4 Bxe4 34. Nb3 Bg2 35. Bxh6 Bxh3 36. Bd2 Bc8 37. Nc5 f5 38. Bg5+ Kd6 39. Kd2 Kd5 40. Kd3 Bd6 41. Be3 Be7 42. f4 e4+ 43. Kc2 Bf6 44. Nb3 Bd7 45. Bc5 Be6 46. Be3 1/2-1/2